[Event "Muret Seniors op"]
[Site "Muret"]
[Date "2014.06.26"]
[Round "4"]
[White "Lecoultre, Patrick"]
[Black "Auge, Jean"]
[Result "1-0"]
[WhiteElo "1702"]
[BlackElo "1851"]
[PlyCount "115"]
[EventDate "2014.06.23"]
[EventType "swiss"]
[EventRounds "6"]
[EventCountry "FRA"]
[SourceTitle "EXT 2015"]
[Source "ChessBase"]
[SourceDate "2014.11.20"]
[SourceVersion "1"]
[SourceVersionDate "2014.11.20"]
[SourceQuality "1"]

1. d4 d5 2. Nf3 e6 3. c4 Nf6 4. Bg5 c6 5. e3 Qa5+ 6. Nbd2 Ne4 7. a3 Nxd2 8. Qxd2 Qxd2+ 9. Nxd2 Be7 10. Bf4 h5 11. Be2 Nd7 12. Rc1 Nf8 13. cxd5 exd5 14. h3 g5 15. Be5 f6 16. Bc7 Bf5 17. b4 Ne6 18. Bh2 a6 19. Nb3 Rc8 20. Nc5 Nd8 21. a4 Bxc5 22. bxc5 g4 23. Bd6 Kd7 24. hxg4 Be6 25. Rxh5 Nf7 26. Bf4 Rxh5 27. gxh5 Rg8 28. g3 Bg4 29. Rb1 Kc8 30. Bxg4+ Rxg4 31. Ke2 Rg7 32. Rh1 Kd7 33. f3 Ke6 34. g4 Rh7 35. Kd3 Nh8 36. Re1 f5 37. e4 dxe4+ 38. Ke3 exf3 39. Kxf3+ Kd5 40. Re5+ Kxd4 41. Rxf5 Kc4 42. h6 Kb4 43. g5 Ng6 44. Rf6 Nxf4 45. Kxf4 Kxc5 46. Kf5 b5 47. Kg6 Rd7 48. h7 Rd8 49. Kg7 bxa4 50. h8Q Rxh8 51. Kxh8 a3 52. g6 Kb4 53. g7 a2 54. Rf1 c5 55. g8Q c4 56. Qb8+ Ka4 57. Qb2 a5 58. Qxa2+ 1-0

[Event "Pic d'Anie op 3rd"]
[Site "Pic d'Anie"]
[Date "2006.08.07"]
[Round "1"]
[White "Fermen, Guy"]
[Black "Auge, Jean"]
[Result "0-1"]
[WhiteElo "1580"]
[BlackElo "1950"]
[PlyCount "60"]
[EventDate "2006.08.07"]
[EventType "swiss"]
[EventRounds "7"]
[EventCountry "FRA"]
[SourceTitle "CBM 113 Extra"]
[Source "ChessBase"]
[SourceDate "2006.09.14"]
[SourceVersion "1"]
[SourceVersionDate "2006.09.14"]
[SourceQuality "1"]

1. Nf3 g6 2. g3 Bg7 3. Bg2 f5 4. d3 d5 5. 0-0 Nf6 6. Nbd2 0-0 7. Rb1 c6 8. b3 Na6 9. Bb2 Nc7 10. Ne5 Nd7 11. Ndf3 Nxe5 12. Bxe5 Bxe5 13. Nxe5 Qd6 14. d4 Ne8 15. Qd2 Kg7 16. f4 Nf6 17. h3 a5 18. a4 Ne4 19. Bxe4 fxe4 20. e3 Bxh3 21. Rf2 Be6 22. Rh2 Rh8 23. Kf2 h5 24. Rbh1 b6 25. Qe2 c5 26. Rxh5 gxh5 27. Rxh5 Rag8 28. Rg5+ Kf8 29. Rxg8+ Bxg8 30. Ng6+ Qxg6 0-1

[Event "Muret Veterans op"]
[Site "Muret"]
[Date "2006.06.14"]
[Round "3"]
[White "Auge, Jean"]
[Black "Rouede, Gilbert"]
[Result "1-0"]
[WhiteElo "1950"]
[BlackElo "1829"]
[PlyCount "75"]
[EventDate "2006.06.12"]
[EventType "swiss"]
[EventRounds "7"]
[EventCountry "FRA"]
[SourceTitle "EXT 2008"]
[Source "ChessBase"]
[SourceDate "2007.11.25"]
[SourceVersion "1"]
[SourceVersionDate "2007.11.25"]
[SourceQuality "1"]

1. e4 c5 2. f4 Nc6 3. Nf3 e6 4. c3 d5 5. e5 Qb6 6. Na3 Bd7 7. Nc2 Nge7 8. d4 Nf5 9. g4 Nh6 10. a3 Be7 11. Bg2 cxd4 12. Ncxd4 Nxd4 13. Qxd4 Bc5 14. Qd2 0-0-0 15. b4 Be7 16. Qe3 Qxe3+ 17. Bxe3 Kb8 18. h3 Rc8 19. Kd2 f6 20. Bd4 Nf7 21. Rhe1 h5 22. exf6 gxf6 23. g5 Rhg8 24. h4 Nd6 25. Bh3 Ne4+ 26. Kd3 Bd6 27. Rxe4 dxe4+ 28. Kxe4 Bc6+ 29. Ke3 Rce8 30. Bxf6 Bd5 31. Be5 Bxe5 32. Nxe5 Rc8 33. Rc1 Rc7 34. a4 Bb3 35. a5 Ba4 36. c4 a6 37. c5 Rd8 38. Bf1 1-0

[Event "Venaco op"]
[Site "Venaco"]
[Date "2005.10.28"]
[Round "1"]
[White "Auge, Jean"]
[Black "Shirov, Alexei"]
[Result "0-1"]
[WhiteElo "1981"]
[BlackElo "2705"]
[PlyCount "40"]
[EventDate "2005.10.28"]
[EventType "swiss (rapid)"]
[EventRounds "9"]
[EventCountry "FRA"]
[SourceTitle "EXT 2006"]
[Source "ChessBase"]
[SourceDate "2005.11.24"]
[SourceVersion "1"]
[SourceVersionDate "2005.11.24"]
[SourceQuality "1"]

1. e4 c5 2. f4 e6 3. Nf3 d5 4. e5 Nc6 5. g3 f6 6. d4 cxd4 7. exf6 Qxf6 8. Bb5 Bc5 9. Ne5 Nge7 10. Nd2 0-0 11. Bxc6 Nxc6 12. Nxc6 bxc6 13. Nf3 Ba6 14. Ne5 Qf5 15. Nd7 Qe4+ 16. Kf2 Be2 17. Ke1 Ba6+ 18. Kf2 Be2 19. Nxc5 Qe5 20. Qxe2 d3 0-1

[Event "Calvi Balagne op 01st"]
[Site "Calvi"]
[Date "2004.??.??"]
[Round "4"]
[White "Cornette, Matthieu"]
[Black "Auge, Jean"]
[Result "1-0"]
[WhiteElo "2392"]
[BlackElo "1910"]
[PlyCount "30"]
[EventDate "2004.02.21"]
[EventType "swiss"]
[EventRounds "9"]
[EventCountry "FRA"]
[SourceTitle "CBM 098 Extra"]
[Source "ChessBase"]
[SourceDate "2004.03.10"]
[SourceVersion "2"]
[SourceVersionDate "2004.03.10"]
[SourceQuality "1"]

1. e4 d5 2. exd5 Qxd5 3. Nc3 Qd8 4. d4 Nf6 5. Bg5 Nd5 6. Bc4 Nxc3 7. bxc3 f6 8. Bh4 c6 9. Ne2 Qa5 10. 0-0 h5 11. f4 Nd7 12. Bd3 Nb6 13. Bg6+ Kd8 14. f5 Nc4 15. Qd3 Bd7 1-0

[Event "Muret Seniors op"]
[Site "Muret"]
[Date "2003.06.20"]
[Round "5"]
[White "Luneau, Gilles"]
[Black "Auge, Jean"]
[Result "1-0"]
[WhiteElo "2035"]
[BlackElo "1850"]
[PlyCount "58"]
[EventDate "2003.06.16"]
[EventType "swiss"]
[EventRounds "7"]
[EventCountry "FRA"]
[SourceTitle "EXT 2004"]
[Source "ChessBase"]
[SourceDate "2003.11.25"]
[SourceVersion "1"]
[SourceVersionDate "2003.11.25"]
[SourceQuality "1"]

1. c4 c5 2. Nc3 e5 3. Nf3 Nc6 4. g3 f5 5. d3 Nf6 6. Bg2 h6 7. Nh4 d6 8. Ng6 Rg8 9. Nxf8 Rxf8 10. f4 exf4 11. Bxf4 g5 12. Bd2 Qe7 13. Nd5 Nxd5 14. Bxd5 Be6 15. Qa4 Bd7 16. Qd1 Be6 17. Bf3 g4 18. Bg2 h5 19. Qc1 Qd7 20. Bg5 Ne7 21. Qe3 0-0-0 22. b4 Rde8 23. bxc5 Nc6 24. Qf2 Qg7 25. 0-0 Qxg5 26. Bxc6 bxc6 27. cxd6 Rf7 28. Qc5 Kd8 29. Rab1 Bxc4 1-0

[Event "Muret Seniors op"]
[Site "Muret"]
[Date "2003.06.19"]
[Round "4"]
[White "Auge, Jean"]
[Black "Birebent, Guy"]
[Result "0-1"]
[WhiteElo "1850"]
[BlackElo "1860"]
[PlyCount "78"]
[EventDate "2003.06.16"]
[EventType "swiss"]
[EventRounds "7"]
[EventCountry "FRA"]
[SourceTitle "EXT 2004"]
[Source "ChessBase"]
[SourceDate "2003.11.25"]
[SourceVersion "1"]
[SourceVersionDate "2003.11.25"]
[SourceQuality "1"]

1. e4 c5 2. c4 Nc6 3. g3 b6 4. Bg2 Bb7 5. Ne2 g6 6. 0-0 Bg7 7. Nbc3 Nf6 8. h3 0-0 9. d3 d6 10. Rb1 Nd7 11. f4 f5 12. exf5 Rxf5 13. g4 Rf8 14. Ne4 Nf6 15. N2g3 Nxe4 16. dxe4 Nd4 17. Be3 e6 18. f5 exf5 19. exf5 Bxg2 20. Kxg2 Qe7 21. Bxd4 Bxd4 22. Qd3 Qg7 23. b3 Rae8 24. Rf3 Qh6 25. Rbf1 Be5 26. fxg6 hxg6 27. Rxf8+ Rxf8 28. Rxf8+ Kxf8 29. Qf3+ Ke7 30. Ne2 Qd2 31. a4 Qb2 32. h4 Ke6 33. h5 gxh5 34. gxh5 Qd2 35. Kh3 Qg5 36. Qg4+ Qxg4+ 37. Kxg4 d5 38. Nf4+ Bxf4 39. Kxf4 d4 0-1